Working guide to petroleum and natural gas production engineering (Record no. 43571)

MARC details
000 -LEADER
fixed length control field 00461nam a2200181Ia 4500
020 ## - INTERNATIONAL STANDARD BOOK NUMBER
ISBN 9781856178457
050 ## - CALL MARK
Classification number TN 870 .L96/
100 ## - STATEMENT OF RESPONSIBILITY--MAIN AUTHOR NAME
Personal name Lyons, William C.
245 #0 - TITLE STATEMENT
Title Working guide to petroleum and natural gas production engineering
260 ## - PUBLICATION, DISTRIBUTION, ETC. (IMPRINT)
Place of publication Amsterdam
260 ## - PUBLICATION, DISTRIBUTION, ETC. (IMPRINT)
Name of publisher Gulf Professional
260 ## - PUBLICATION, DISTRIBUTION, ETC. (IMPRINT)
Year of publication c2010
300 ## - PHYSICAL DESCRIPTION
Number of Pages 304 p
650 ## - SUBJECT ADDED ENTRY--TOPICAL TERM
Topical Term Amsterdam
942 ## - ADDED ENTRY ELEMENTS (KOHA)
Koha item type Books
Holdings
Withdrawn status Lost status Source of classification or shelving scheme Damaged status Not for loan Permanent Location Current Location Shelving location Date acquired Accession Number Price effective from Koha item type
    Library of Congress Classification     NILE UNIVERSITY OF NIGERIA - MAIN LIBRARY NILE UNIVERSITY OF NIGERIA - MAIN LIBRARY Items on shelf 06/03/2025 0185145 06/03/2025 Books